Problems faced by the farmers in cotton cultivation / (Record no. 13249)

MARC details
000 -LEADER
fixed length control field 01098nam a22002777a 4500
003 - CONTROL NUMBER IDENTIFIER
control field BD-DhSAU
005 - DATE AND TIME OF LATEST TRANSACTION
control field 20181209163747.0
008 - FIXED-LENGTH DATA ELEMENTS--GENERAL INFORMATION
fixed length control field 160223b2014 bg ||||| |||| 001 0 eng d
040 ## - CATALOGING SOURCE
Original cataloging agency BD-DhSAU
082 ## - DEWEY DECIMAL CLASSIFICATION NUMBER
Edition number 22
Classification number 630.715
Item number B3289
100 ## - MAIN ENTRY--PERSONAL NAME
Personal name Baten, S.M. Abdul
Relator term Registration No. # 12-05228
245 ## - TITLE STATEMENT
Title Problems faced by the farmers in cotton cultivation /
Remainder of title MS thesis
260 ## - PUBLICATION, DISTRIBUTION, ETC. (IMPRINT)
Place of publication, distribution, etc. Sher-e- Bangla Agricultural University :
Name of publisher, distributor, etc. Department of Agricultural Extension and Information System,
Date of publication, distribution, etc. 2014
300 ## - PHYSICAL DESCRIPTION
Extent xi, 79 p. :
Other physical details ill. ;
Dimensions 30 cm.
500 ## - GENERAL NOTE
General note MS thesis of Department of Agricultural Extension and Information System, Faculty of Agriculture, Sher-e-Bangla Agricultural University, Dhaka, Bangladesh <br/>
590 ## - Name of Cataloguer
Name of Cataloger Md. Sirajul Islam
650 ## - SUBJECT ADDED ENTRY--TOPICAL TERM
Topical term or geographic name as entry element Extension
650 ## - SUBJECT ADDED ENTRY--TOPICAL TERM
Topical term or geographic name as entry element Problems
650 ## - SUBJECT ADDED ENTRY--TOPICAL TERM
Topical term or geographic name as entry element Farmers
650 ## - SUBJECT ADDED ENTRY--TOPICAL TERM
Topical term or geographic name as entry element Cotton
650 ## - SUBJECT ADDED ENTRY--TOPICAL TERM
Topical term or geographic name as entry element Cultivation
700 ## - ADDED ENTRY--PERSONAL NAME
Personal name Ali, Md. Sekender
Relator term Supervisor
700 ## - ADDED ENTRY--PERSONAL NAME
Personal name Islam, Md. Rafiquel
Relator term Co-Suervisor
856 ## - ELECTRONIC LOCATION AND ACCESS
Uniform Resource Identifier <a href="http://archive.saulibrary.edu.bd:8080/xmlui/handle/123456789/849">http://archive.saulibrary.edu.bd:8080/xmlui/handle/123456789/849</a>
Link text Online Access
942 ## - ADDED ENTRY ELEMENTS (KOHA)
Source of classification or shelving scheme Dewey Decimal Classification
Koha item type MS Level Thesis
Holdings
Withdrawn status Lost status Source of classification or shelving scheme Damaged status Not for loan Collection code Home library Branch Name Shelving location Date acquired Total Checkouts Full call number Barcode Date last seen Price effective from Koha item type
    Dewey Decimal Classification   Not For Loan Reference SAU Library SAU Library Reference 10/01/2016   630.715 B3289 12-05228 23/02/2016 23/02/2016 MS Level Thesis